Sports Quiz

Random Sports or NCAA Quiz
Score 0/40 Timer 10:00
0 Plays Today
Hint Answer % Correct
Passing TouchdownsJosh Allen
92.3%
Passing YardsBrett Smith
76.9%
Passing TouchdownsBrett Smith
76.9%
Rushing YardsBrian Hill
53.8%
Rushing TouchdownsBrian Hill
53.8%
Scrimmage YardsBrian Hill
53.8%
Passing YardsCasey Bramlet
46.2%
Passing YardsTom Corontzos
46.2%
Passing YardsJay Stoner
46.2%
Passing YardsJosh Wallwork
46.2%
Passing TouchdownsCasey Bramlet
46.2%
Passing TouchdownsJosh Wallwork
46.2%
Passing TouchdownsTom Corontzos
46.2%
Rushing YardsDevin Moore
46.2%
Rushing YardsRyan Christopherson
46.2%
Receiving YardsMarcus Harris
46.2%
Receiving YardsRyan Yarborough
46.2%
Receiving TouchdownsRyan Yarborough
46.2%
Receiving TouchdownsMarcus Harris
46.2%
ReceptionsMarcus Harris
46.2%
Hint Answer % Correct
ReceptionsRyan Yarborough
46.2%
ReceptionsRyan McGuffey
46.2%
Scrimmage YardsMarcus Harris
46.2%
Scrimmage YardsRyan Yarborough
46.2%
Scrimmage YardsDevin Moore
46.2%
Rushing YardsMarques Brigham
38.5%
Rushing TouchdownsPhil Davis
38.5%
Rushing TouchdownsMarques Brigham
38.5%
Receiving YardsWendell Montgomery
38.5%
Receiving YardsTanner Gentry
38.5%
Receiving TouchdownsTanner Gentry
38.5%
Rushing YardsWynel Seldon
30.8%
Receiving YardsJovon Bouknight
30.8%
Receiving TouchdownsJovon Bouknight
30.8%
ReceptionsJovon Bouknight
30.8%
Scrimmage YardsJovon Bouknight
30.8%
Rushing TouchdownsWalter Goffigan
23.1%
ReceptionsDominic Rufran
23.1%
Rushing TouchdownsAlvester Alexander
15.4%
Receiving TouchdownsRobert Herron
7.7%
Remove Ads.
Support Sporcle.
Get the best of Sporcle when you Go Orange. This ad-free experience offers more features, more stats, and more fun while also helping to support Sporcle. Thank you for becoming a member.

You're not logged in!

Compare scores with friends on all Sporcle quizzes.
OR
Log In

Show Comments

Extras

Created Sep 23, 2019ReportNominate
Tags:Football Quiz, NCAA Quiz, Wyoming

Top Quizzes Today


Score Distribution

Your Account Isn't Verified!

In order to create a playlist on Sporcle, you need to verify the email address you used during registration. Go to your Sporcle Settings to finish the process.

Report this User

Report this user for behavior that violates our Community Guidelines.

Details: